[Event "SF Werden 2 - SF Kirchhellen"]
[Site "?"]
[Date "2019.11.17"]
[Round "3"]
[White "Akcapinar, Yavuz"]
[Black "Küper, Peter"]
[Result "0-1"]
[WhiteElo "1790"]
[BlackElo "1806"]
[PlyCount "68"]
[EventDate "2019.09.06"]

1. e4 e5 2. Nf3 Nc6 3. Bc4 Bc5 4. O-O Nf6 5. d3 h6 6. Bb3 O-O 7. c3 d5 8. Qe2
Bg4 9. Nbd2 d4 10. Re1 Qd7 11. Nf1 Rad8 12. Bc2 Rfe8 13. Ng3 dxc3 14. bxc3 Qd6
15. h3 Be6 16. a4 Na5 17. Nd2 Bb6 18. Qf3 Nd7 19. Bb2 Nc5 20. d4 Ncb3 21. Nxb3
Bxb3 22. Bxb3 Nxb3 23. Ra3 Na5 24. Nf5 Qf6 25. dxe5 Qxe5 26. Bc1 Nc4 27. Bf4
Qe6 28. Qg4 Qg6 29. Qh4 Nxa3 30. Ne7+ Rxe7 31. Qxe7 c5 32. a5 Bxa5 33. Qxc5 Nc2
34. Qxa5 b6 0-1

[Event "SF Werden 2 - SF Kirchhellen"]
[Site "?"]
[Date "2019.11.17"]
[Round "3"]
[White "Burkart, Stefan"]
[Black "Eggebrecht, Jan"]
[Result "1/2-1/2"]
[WhiteElo "1788"]
[BlackElo "1667"]
[PlyCount "79"]
[EventDate "2019.09.06"]

1. d4 Nf6 2. c4 c5 3. d5 e6 4. Nc3 exd5 5. Nxd5 Nxd5 6. Qxd5 Nc6 7. Bd2 d6 8.
e4 Be6 9. Qd3 Be7 10. f4 Bf6 11. Nf3 Bg4 12. Be2 Qe7 13. O-O Bxf3 14. Bxf3 Bxb2
15. Rab1 Bd4+ 16. Kh1 O-O 17. Rb3 Qd7 18. Qb1 Rab8 19. g4 g6 20. Qd1 f5 21.
exf5 gxf5 22. gxf5 Qxf5 23. Bd5+ Kh8 24. Rg3 Ne7 25. Rg5 Qf6 26. Be4 Rg8 27.
Qh5 Rg7 28. Rf3 Qf7 29. Qh6 Bf6 30. Rxg7 Qxg7 31. Qxg7+ Bxg7 32. Rh3 h6 33. f5
Ng8 34. Bf4 Be5 35. Bxh6 Nxh6 36. Rxh6+ Kg7 37. Rg6+ Kf7 38. Bd5+ Ke7 39. Kg2
b5 40. Rh6 1/2-1/2

[Event "SF Werden 2 - SF Kirchhellen"]
[Site "?"]
[Date "2019.11.17"]
[Round "3"]
[White "Mann, Gergely"]
[Black "Langner, Raimund"]
[Result "1-0"]
[WhiteElo "1611"]
[BlackElo "1743"]
[PlyCount "69"]
[EventDate "2019.09.06"]

1. d4 Nf6 2. c4 e6 3. Nc3 Bb4 4. Qc2 O-O 5. a3 Bxc3+ 6. Qxc3 b6 7. Bg5 Bb7 8.
f3 h6 9. Bh4 d5 10. e3 Nbd7 11. cxd5 exd5 12. Bb5 g5 13. Bf2 c5 14. h4 a6 15.
Bxd7 Nxd7 16. hxg5 Qxg5 17. Rh4 f5 18. Nh3 Qg7 19. Nf4 Rae8 20. Kd2 cxd4 21.
exd4 Rc8 22. Qd3 Nc5 23. dxc5 Qxb2+ 24. Qc2 Qxa1 25. Rxh6 Qxa3 26. Bd4 Qb4+ 27.
Ke3 Qe1+ 28. Ne2 Rce8+ 29. Kf4 Re4+ 30. fxe4 fxe4+ 31. Ke3 bxc5 32. Qxc5 Qf2+
33. Kd2 e3+ 34. Bxe3 Qxg2 35. Qb6 1-0

[Event "SV Günnigfeld 1 - SV Kamen 2"]
[Site "Verbandsklasse - Gr. 1 2019/2"]
[Date "2019.11.17"]
[Round "3.1"]
[White "Koch, Marcel"]
[Black "Freisen, Thomas"]
[Result "1/2-1/2"]
[WhiteElo "1939"]
[BlackElo "1949"]
[Annotator "Daniel"]
[PlyCount "117"]
[EventDate "2019.??.??"]

1. d4 Nf6 2. c4 e6 3. Nf3 b6 4. Nc3 Bb4 5. Bd2 O-O 6. e3 Bb7 7. Bd3 c5 8. a3
Bxc3 9. Bxc3 cxd4 10. Bxd4 Nc6 11. Bc3 d5 12. O-O dxc4 13. Bxc4 Ne4 14. Rc1
Nxc3 $11 15. Rxc3 Na5 16. Bd3 Rc8 17. Rxc8 Qxc8 18. Qa4 Bxf3 19. gxf3 Qc6 20.
Qh4 h6 21. Kg2 Nb7 22. Be4 Qc7 23. Bxb7 Qxb7 24. Rd1 Rc8 25. Qa4 b5 26. Qa5 Rc5
27. Qd8+ Kh7 28. h4 Rd5 29. Rxd5 exd5 30. Kg3 Qc6 31. Qe7 Qc1 32. Qxf7 Qg1+ 33.
Kh3 Qh1+ 34. Kg4 Qg2+ 35. Kh5 Qxf2 36. Qf5+ Kh8 37. Kg6 Qg3+ 38. Kf7 Qc7+ 39.
Ke6 Qc6+ 40. Ke5 Qc5 41. Kf4 b4 42. Qd3 a5 43. axb4 Qd6+ 44. Kg4 axb4 45. Qd4
Qg6+ 46. Kh3 Qf5+ 47. Kg3 Qg6+ 48. Qg4 Qd6+ 49. Qf4 Qg6+ 50. Kh3 Qe6+ 51. Kh2
Qe7 52. Qd4 Qc7+ 53. f4 Qc4 54. Kg3 h5 55. Qe5 Qe2 56. Qe6 Qe1+ 57. Kh3 Qh1+
58. Kg3 Qg1+ 59. Kf3 1/2-1/2

[Event "SV Günnigfeld 1 - SV Kamen 2"]
[Site "Verbandsklasse - Gr. 1 2019/2"]
[Date "2019.11.17"]
[Round "3.2"]
[White "Kuekenbrink, Christopher"]
[Black "Traunecker, Thomas"]
[Result "1/2-1/2"]
[WhiteElo "1893"]
[BlackElo "1874"]
[PlyCount "50"]
[EventDate "2019.??.??"]

1. d4 Nf6 2. c4 c5 3. Nf3 cxd4 4. Nxd4 d6 5. Nc3 g6 6. e4 Bg7 7. Be2 Nc6 8. Be3
O-O 9. O-O Bd7 10. Rc1 Nxd4 11. Bxd4 Bc6 12. f4 a5 13. Bf3 Nd7 14. Bxg7 Kxg7
15. Qd4+ Kg8 16. Nd5 Bxd5 17. cxd5 Rc8 18. Bg4 Rc7 19. Qe3 Nf6 20. Bh3 Nd7 21.
Rxc7 Qxc7 22. Rc1 Nc5 23. a3 Qb6 24. Qd4 Qb5 25. Rc4 Qb3 1/2-1/2

[Event "SV Günnigfeld 1 - SV Kamen 2"]
[Site "Verbandsklasse - Gr. 1 2019/2"]
[Date "2019.11.17"]
[Round "3.3"]
[White "Bals, Jochen"]
[Black "Markus, Peter"]
[Result "1-0"]
[WhiteElo "1887"]
[BlackElo "1924"]
[PlyCount "113"]
[EventDate "2019.??.??"]

1. e4 e5 2. Nf3 Nc6 3. Bb5 a6 4. Bxc6 dxc6 5. O-O Qf6 6. d4 exd4 7. Bg5 Qg6 8.
Qxd4 Bg4 9. Nbd2 Nf6 10. Qe3 Bxf3 11. Nxf3 Nd7 12. Bf4 Bc5 13. Qe2 O-O-O 14. e5
Rhe8 15. Rfe1 Qf5 16. Qe4 Qxe4 17. Rxe4 h6 18. h4 Re6 19. Rae1 Rde8 20. Nd2 Nf8
21. Kf1 R6e7 22. Bg3 Rd7 23. Nb3 Bb6 24. f4 g6 25. Bf2 Bxf2 26. Kxf2 Ne6 27. g4
b6 28. Kf3 c5 29. f5 Nf8 30. Kf4 Rd5 31. R1e2 a5 32. Nd2 Kb7 33. Nc4 Kc8 34.
Ne3 Rdd8 35. Kf3 Kb7 36. Ng2 Rd1 37. Re1 Rxe1 38. Nxe1 Kc6 39. Nd3 g5 40. hxg5
hxg5 41. c4 Rd8 42. Ke3 Re8 43. Ne1 Kd7 44. Nf3 Nh7 45. Kd3 f6 46. e6+ Ke7 47.
Re2 Rd8+ 48. Kc2 Rg8 49. Rh2 Rg7 50. Kd3 Nf8 51. Ke3 Rh7 52. Rxh7+ Nxh7 53. Ke4
c6 54. Nd2 Nf8 55. Nb1 Kd6 56. Nc3 Nh7 57. Na4 1-0

[Event "SV Günnigfeld 1 - SV Kamen 2"]
[Site "Verbandsklasse - Gr. 1 2019/2"]
[Date "2019.11.17"]
[Round "3.4"]
[White "Radi, Guenter"]
[Black "Georg, Felix"]
[Result "0-1"]
[WhiteElo "1874"]
[BlackElo "1963"]
[PlyCount "58"]
[EventDate "2019.??.??"]

1. f4 Nc6 2. Nf3 d5 3. d4 Bg4 4. e3 e6 5. c4 Nf6 6. Nc3 Ne4 7. Bd3 Bb4 8. Bd2
Bxf3 9. Qxf3 Nxd2 10. Kxd2 dxc4 11. Bxc4 O-O 12. Ke2 Qe7 13. Ne4 Rad8 14. Kf2
Na5 15. Be2 c5 16. dxc5 Bxc5 17. Rac1 Bb6 18. Rhd1 f5 19. Nd2 Qb4 20. Rc2 e5
21. Kf1 e4 22. Qg3 Kh8 23. a3 Qa4 24. Rc3 Rd3 25. Nb3 Rxd1+ 26. Bxd1 Nc4 27.
Bc2 Qb5 28. Kg1 Nxe3 29. Rxe3 Qe2 0-1

[Event "SV Günnigfeld 1 - SV Kamen 2"]
[Site "Verbandsklasse - Gr. 1 2019/2"]
[Date "2019.11.17"]
[Round "3.5"]
[White "Spaeh, Jan Lukas"]
[Black "Funke, Eckhard"]
[Result "1/2-1/2"]
[WhiteElo "1726"]
[BlackElo "1832"]
[Annotator "Daniel"]
[PlyCount "83"]
[EventDate "2019.??.??"]

1. e4 c5 2. Nf3 d6 3. d4 cxd4 4. Nxd4 Nf6 5. Nc3 a6 6. Be2 e5 7. Nb3 Be6 8. O-O
Be7 9. Re1 O-O 10. Bf3 Nbd7 11. a4 Qc7 12. Nd2 Rfc8 13. Nf1 Nb6 14. Ne3 Nc4 15.
Ned5 Nxd5 16. Nxd5 Bxd5 17. Qxd5 Nb6 18. Qb3 Nd7 19. c3 Nf6 20. a5 Rab8 21. Ra4
Nd7 22. Qd1 Nc5 23. Ra1 Ne6 24. Bg4 Re8 25. Qb3 Bf8 26. Qd5 Qc5 27. Bxe6 Rxe6
28. Qxc5 dxc5 29. Rd1 Rd6 30. Rxd6 Bxd6 $11 31. Be3 Rd8 32. Rd1 Bc7 33. Rxd8+
Bxd8 34. Bxc5 Bxa5 35. Kf1 f6 36. Ke2 Kf7 37. Kd3 Ke6 38. Bf8 Bb6 39. f3 g6 40.
Kc4 Bg1 41. h3 b6 42. b3 1/2-1/2

[Event "SV Günnigfeld 1 - SV Kamen 2"]
[Site "Verbandsklasse - Gr. 1 2019/2"]
[Date "2019.11.17"]
[Round "3.6"]
[White "Jaennekes, Oliver"]
[Black "Markert, Dirk"]
[Result "1-0"]
[WhiteElo "1832"]
[BlackElo "1846"]
[PlyCount "103"]
[EventDate "2019.??.??"]

1. Nf3 d5 2. c4 e6 3. d4 c5 4. e3 Nc6 5. Nc3 Nf6 6. Bd3 dxc4 7. Bxc4 a6 8. a4
cxd4 9. exd4 Be7 10. O-O O-O 11. Bg5 h6 12. Bh4 Nh5 13. Bxe7 Nxe7 14. Qd2 Nf6
15. Rfd1 Qb6 16. a5 Qc7 17. Bd3 Bd7 18. Ne5 Rfd8 19. Rdc1 Bc6 20. Qe3 Qd6 21.
Rd1 Rac8 22. Ne2 Bd5 23. b3 Nc6 24. Bc4 Qc7 25. Rdc1 Qe7 26. h3 Rd6 27. f3 Qd8
28. Nxc6 Rdxc6 29. Bxd5 Qxd5 30. Rxc6 Rxc6 31. Ra4 Ne8 32. Nf4 Qd7 33. d5 exd5
34. Nxd5 Re6 35. Qd2 Rd6 36. Rd4 Nc7 37. Ne7+ Qxe7 38. Rxd6 Ne6 39. Rd7 Qc5+
40. Kh1 Qb5 41. Qd3 Qxa5 42. Rxb7 Qe1+ 43. Kh2 Qe5+ 44. Kg1 Nd4 45. Qe4 Qd6 46.
Qe8+ Kh7 47. Qxf7 Ne6 48. Rd7 Qc5+ 49. Kh1 Qc1+ 50. Kh2 Qc6 51. Qf5+ Kh8 52.
Qd5 1-0

[Event "SV Günnigfeld 1 - SV Kamen 2"]
[Site "Verbandsklasse - Gr. 1 2019/2"]
[Date "2019.11.17"]
[Round "3.7"]
[White "Rotter, Chris"]
[Black "Bender, Markus"]
[Result "1/2-1/2"]
[WhiteElo "1739"]
[BlackElo "1832"]
[PlyCount "59"]
[EventDate "2019.??.??"]

1. d4 d5 2. g3 Nf6 3. Bg2 Bf5 4. c4 c6 5. cxd5 cxd5 6. Nc3 e6 7. Nf3 Nc6 8. a3
a6 9. O-O Bd6 10. Bg5 h6 11. Bxf6 Qxf6 12. Re1 Be4 13. Nxe4 dxe4 14. Nd2 Qxd4
15. Nxe4 Be5 16. Nc3 Qxd1 17. Bxc6+ bxc6 18. Nxd1 Ke7 19. Rc1 Rhc8 20. Rc2 Rab8
21. f4 Bf6 22. e4 Bd4+ 23. Kg2 Rb3 24. Ree2 c5 25. e5 Rcb8 26. Kh3 Kd7 27. Red2
Ke7 28. Re2 Rd3 29. Nf2 Rdb3 30. Nd1 1/2-1/2

[Event "SV Günnigfeld 1 - SV Kamen 2"]
[Site "Verbandsklasse - Gr. 1 2019/2"]
[Date "2019.11.17"]
[Round "3.8"]
[White "Kampmann, Marcel"]
[Black "Riemer, Dominik"]
[Result "1/2-1/2"]
[WhiteElo "1720"]
[BlackElo "1745"]
[PlyCount "59"]
[EventDate "2019.??.??"]

1. Nf3 c5 2. g3 Nc6 3. Bg2 Nf6 4. c4 g6 5. O-O Bg7 6. Nc3 O-O 7. d3 a6 8. Re1
Ne8 9. a4 f5 10. Rb1 Nf6 11. e4 d6 12. e5 Ng4 13. exd6 Qxd6 14. h3 Nge5 15.
Nxe5 Bxe5 16. Bxc6 bxc6 17. Qf3 Rb8 18. Ne2 Rb3 19. Rd1 Be6 20. Bf4 Bxc4 21.
Nc1 Bd5 22. Qe2 Bxf4 23. Nxb3 Bxb3 24. gxf4 Bxd1 25. Rxd1 Qxf4 26. Qxe7 Qf3 27.
Qe6+ Rf7 28. Qe8+ Kg7 29. Qe5+ Kg8 30. Qe8+ 1/2-1/2

[Event "Sport Union Annen 1 - SK Germania Kupfe"]
[Site "Verbandsklasse - Gr. 1 2019/2"]
[Date "2019.11.17"]
[Round "3.1"]
[White "Unteregge, Michael"]
[Black "Wicht, Juergen"]
[Result "1/2-1/2"]
[WhiteElo "2050"]
[BlackElo "2019"]
[PlyCount "36"]
[EventDate "2019.??.??"]

1. Nf3 Nf6 2. c4 g6 3. g3 Bg7 4. Bg2 O-O 5. O-O d6 6. d4 Nc6 7. Nc3 a6 8. b3
Rb8 9. Nd5 e6 10. Nxf6+ Bxf6 11. Bb2 Re8 12. e4 e5 13. d5 Ne7 14. Rc1 Bg7 15.
c5 f5 16. cxd6 cxd6 17. Ba3 Bh6 18. Rc2 fxe4 1/2-1/2

[Event "Sport Union Annen 1 - SK Germania Kupfe"]
[Site "Verbandsklasse - Gr. 1 2019/2"]
[Date "2019.11.17"]
[Round "3.2"]
[White "Mainka, Gregor"]
[Black "Krimphoff, Ingo"]
[Result "1/2-1/2"]
[WhiteElo "2151"]
[BlackElo "1953"]
[PlyCount "130"]
[EventDate "2019.??.??"]

1. Nf3 d5 2. e3 Nf6 3. c4 c6 4. Nc3 Bf5 5. cxd5 cxd5 6. Qb3 Bc8 7. Bb5+ Nc6 8.
d3 e6 9. e4 dxe4 10. dxe4 Be7 11. O-O O-O 12. Rd1 Qc7 13. Bg5 a6 14. Bxc6 bxc6
15. Rac1 Rb8 16. Qc2 Rd8 17. Rxd8+ Qxd8 18. e5 Nd5 19. Bxe7 Nxe7 20. Ne4 h6 21.
h3 Qc7 22. b3 Bb7 23. Nd6 Qa5 24. Qd2 Qxd2 25. Nxd2 Ba8 26. N2e4 Ng6 27. Rc5
Kf8 28. Ra5 Bb7 29. g3 Ke7 30. f4 f6 31. Nc5 Bc8 32. Nxc8+ Rxc8 33. exf6+ gxf6
34. Rxa6 f5 35. Kf2 Kd6 36. b4 Kd5 37. Ra7 Nf8 38. Ke3 Kc4 39. a3 Rd8 40. Rb7
Rd1 41. h4 Ra1 42. a4 Ra3+ 43. Kf2 Ra2+ 44. Kf3 Ra3+ 45. Kg2 Ra2+ 46. Kh3 h5
47. a5 Ng6 48. a6 e5 49. Rg7 exf4 50. Rxg6 f3 51. Rg5 Ra1 52. Kh2 f2 53. Rxf5
f1=Q 54. Rxf1 Rxf1 55. Nd7 Ra1 56. Nb8 Kb5 57. g4 hxg4 58. Kg3 Kb6 59. Kxg4 Kc7
60. Nxc6 Kxc6 61. h5 Rxa6 62. Kg5 Kd5 63. h6 Ke6 64. h7 Ra8 65. Kg6 Kd5 1/2-1/2

[Event "Sport Union Annen 1 - SK Germania Kupfe"]
[Site "Verbandsklasse - Gr. 1 2019/2"]
[Date "2019.11.17"]
[Round "3.3"]
[White "Bauriedel, Friedrich"]
[Black "Al Ali, Mohammad"]
[Result "0-1"]
[WhiteElo "1803"]
[BlackElo "1861"]
[PlyCount "82"]
[EventDate "2019.??.??"]

1. d4 g6 2. e4 d6 3. Nf3 Bg7 4. Bc4 Nf6 5. Qe2 O-O 6. O-O Nc6 7. Rd1 Bg4 8. c3
d5 9. exd5 Nxd5 10. h3 Bxf3 11. Qxf3 Nb6 12. Bb3 a5 13. a4 Qd7 14. Bg5 Rab8 15.
Na3 e5 16. dxe5 Nxe5 17. Qg3 Qc6 18. Bf4 Rbe8 19. Nb5 Nbd7 20. Bd5 Qb6 21. Be3
c5 22. Rab1 Nc6 23. b4 Be5 24. f4 Bb8 25. Qf2 axb4 26. cxb4 Nxb4 27. Bc4 Qc6
28. Rxd7 Qxd7 29. Bxc5 Nd3 30. Rd1 Qxb5 31. Bxb5 Nxf2 32. Kxf2 Rd8 33. Re1 Rd2+
34. Kf3 Rc8 35. Bb4 Rd4 36. Re4 Rxe4 37. Kxe4 Rc2 38. g3 Rb2 39. Be7 Rb3 40.
Bh4 Kg7 41. f5 f6 0-1

[Event "Sport Union Annen 1 - SK Germania Kupfe"]
[Site "Verbandsklasse - Gr. 1 2019/2"]
[Date "2019.11.17"]
[Round "3.4"]
[White "McAdam, Mark"]
[Black "Zagrabski, Kevin"]
[Result "1-0"]
[WhiteElo "1993"]
[BlackElo "1897"]
[PlyCount "113"]
[EventDate "2019.??.??"]

1. d4 g6 2. c4 Bg7 3. Nf3 d6 4. Nc3 Nc6 5. e4 e5 6. d5 Nce7 7. h4 h6 8. Bd3 f5
9. h5 g5 10. exf5 Bxf5 11. Be3 Nf6 12. Qc2 Qd7 13. O-O-O O-O 14. Ne4 Nxe4 15.
Bxe4 Bxe4 16. Qxe4 Qf5 17. Nd2 b6 18. g4 Qh7 19. Kc2 b5 20. b3 a5 21. Qxh7+
Kxh7 22. Ne4 Rfb8 23. Rd3 bxc4 24. bxc4 Rb4 25. Kc3 Rab8 26. Rc1 Ra4 27. Rd2
Ra3+ 28. Kc2 Rxa2+ 29. Kd3 Ra4 30. Rdc2 Kg8 31. Bd2 Kf7 32. Bc3 Bf8 33. Ra1
Rxa1 34. Bxa1 Rb3+ 35. Rc3 Rb7 36. Ra3 Ra7 37. Rb3 Nc8 38. Rb8 Nb6 39. Nc3 Nd7
40. Rc8 Nc5+ 41. Kc2 Na6 42. Nb5 Rb7 43. Bc3 Nb4+ 44. Bxb4 axb4 45. Nxc7 Ra7
46. Kb2 Bg7 47. Ne6 e4+ 48. Nxg7 Kxg7 49. Re8 Rf7 50. Rxe4 Rxf2+ 51. Kb3 Rf4
52. Re7+ Kg8 53. Re6 Kh7 54. Rxd6 Rxg4 55. Rd7+ Kg8 56. c5 Rf4 57. c6 1-0

[Event "Sport Union Annen 1 - SK Germania Kupfe"]
[Site "Verbandsklasse - Gr. 1 2019/2"]
[Date "2019.11.17"]
[Round "3.5"]
[White "Struschka, Andreas"]
[Black "Sondermann, Dirk"]
[Result "0-1"]
[WhiteElo "1920"]
[BlackElo "1845"]
[PlyCount "96"]
[EventDate "2019.??.??"]

1. e4 e6 2. d4 d5 3. Nc3 Nc6 4. Nf3 Nf6 5. Bg5 Be7 6. Bxf6 Bxf6 7. e5 Be7 8. a3
O-O 9. Bd3 f6 10. exf6 Bxf6 11. O-O g6 12. Bb5 Bg7 13. Bxc6 bxc6 14. Na4 Qd6
15. Re1 Rf5 16. c3 Bd7 17. Nc5 Raf8 18. Nxd7 Qxd7 19. Qe2 Re8 20. Qe3 Qd6 21.
b4 e5 22. dxe5 Bxe5 23. Kh1 Re7 24. g4 Rf4 25. Nxe5 Re4 26. Qg3 Qxe5 27. Qxe5
R7xe5 28. Rxe4 Rxe4 29. h3 Rc4 30. Re1 Rxc3 31. Re8+ Kf7 32. Rc8 Rxh3+ 33. Kg2
Rc3 34. Rxc7+ Ke6 35. Rxa7 d4 36. a4 d3 37. Ra8 Kd5 38. Kf3 Kc4 39. Rb8 Rc1 40.
Rd8 Kc3 41. b5 cxb5 42. axb5 d2 43. Kf4 d1=Q 44. Rxd1 Rxd1 45. Kg5 Rd5+ 46. Kh6
Rxb5 47. f4 Rb7 48. Kg5 Rf7 0-1

[Event "Sport Union Annen 1 - SK Germania Kupfe"]
[Site "Verbandsklasse - Gr. 1 2019/2"]
[Date "2019.11.17"]
[Round "3.6"]
[White "Herrmann, Uwe"]
[Black "Schaefer, Johannes"]
[Result "0-1"]
[WhiteElo "1885"]
[BlackElo "1736"]
[PlyCount "96"]
[EventDate "2019.??.??"]

1. d4 Nf6 2. c4 g6 3. Nc3 Bg7 4. e4 d6 5. f3 Nc6 6. Be3 a6 7. Nge2 Rb8 8. d5
Ne5 9. Nd4 c5 10. Nb3 e6 11. a4 exd5 12. cxd5 O-O 13. Be2 Re8 14. O-O Bd7 15.
h3 Bc8 16. Nd2 Ned7 17. Qc2 Nh5 18. Nc4 Ng3 19. Rf2 Ne5 20. Na3 f5 21. f4 Nd7
22. Bd3 fxe4 23. Bc4 Bd4 24. Re1 Nf6 25. Qd2 Nf5 26. Nd1 Nxe3 27. Nxe3 Bd7 28.
b3 b5 29. axb5 axb5 30. Bf1 Bf5 31. Nac2 Qb6 32. g4 Bd7 33. Kh1 Ra8 34. Rfe2
Ra2 35. f5 Bxe3 36. Qxe3 gxf5 37. Qg5+ Kf7 38. gxf5 Rg8 39. Qf4 c4 40. Bg2 cxb3
41. Rxe4 Nxe4 42. Qxe4 Re8 43. Qh4 Rxe1+ 44. Nxe1 Bxf5 45. Qh5+ Bg6 46. Qf3+
Kg8 47. Qf6 Re2 48. Nf3 b2 0-1

[Event "Sport Union Annen 1 - SK Germania Kupfe"]
[Site "Verbandsklasse - Gr. 1 2019/2"]
[Date "2019.11.17"]
[Round "3.7"]
[White "Wuthcke, Dieter"]
[Black "Hartung, Thomas"]
[Result "1/2-1/2"]
[WhiteElo "1734"]
[BlackElo "1902"]
[PlyCount "156"]
[EventDate "2019.??.??"]

1. d4 Nf6 2. c4 c5 3. e3 g6 4. Nf3 Bg7 5. Be2 d6 6. Nc3 O-O 7. O-O Nbd7 8. Qc2
b6 9. a3 Bb7 10. d5 e6 11. e4 e5 12. h3 Nh5 13. Nh2 Nf4 14. Bxf4 exf4 15. Nf3
Ne5 16. Nxe5 Bxe5 17. Bg4 Qg5 18. Rab1 h5 19. Bf3 Bc8 20. Kh2 Kg7 21. b4 Qh4
22. bxc5 bxc5 23. Rh1 Rh8 24. Kg1 Qf6 25. Ne2 g5 26. Nc1 g4 27. hxg4 hxg4 28.
Rxh8 Kxh8 29. Bd1 f3 30. Nd3 Bd4 31. Qd2 Ba6 32. Rc1 Rg8 33. Qf4 Qh4 34. Qh2
Bxf2+ 35. Nxf2 Qxh2+ 36. Kxh2 g3+ 37. Kg1 gxf2+ 38. Kxf2 fxg2 39. Be2 Rb8 40.
Kxg2 Rb3 41. Rh1+ Kg7 42. Rh3 Rb2 43. Kf3 Ra2 44. Rh5 Rxa3+ 45. Kf4 f6 46. Rh1
Bc8 47. Rg1+ Kf8 48. Rh1 Rh3 49. Rb1 Rh4+ 50. Ke3 Ke7 51. Rb8 Kd8 52. Ra8 a6
53. Ra7 Rh3+ 54. Kf4 Rb3 55. Rf7 a5 56. Rxf6 Ke7 57. Rh6 Rh3 58. Rg6 a4 59.
Rg7+ Kf6 60. Ra7 Rh2 61. Bd1 a3 62. Ra8 a2 63. Bf3 Rb2 64. Ra7 Bh3 65. Bh5 Bd7
66. Ra6 Ke7 67. Ra7 Kd8 68. e5 dxe5+ 69. Kxe5 Kc8 70. Kd6 Rh2 71. Bd1 Bf5 72.
Bb3 Bb1 73. Kxc5 Rb2 74. Bd1 Rb7 75. Ra3 Kb8 76. d6 Ra7 77. Rb3+ Rb7 78. Ra3
Ra7 1/2-1/2

[Event "Sport Union Annen 1 - SK Germania Kupfe"]
[Site "Verbandsklasse - Gr. 1 2019/2"]
[Date "2019.11.17"]
[Round "3.8"]
[White "Daemmrich, Lars"]
[Black "Jarosz, Kamil"]
[Result "1-0"]
[WhiteElo "1929"]
[BlackElo "1525"]
[PlyCount "31"]
[EventDate "2019.??.??"]

1. e4 e5 2. Nf3 Nc6 3. d4 exd4 4. Nxd4 Nxd4 5. Qxd4 d6 6. Bf4 Be6 7. Nc3 Ne7 8.
O-O-O Nc6 9. Bb5 f6 10. Rhe1 Qd7 11. Qa4 a6 12. e5 Be7 13. exd6 cxd6 14. Ne4
O-O 15. Bxc6 bxc6 16. Nc5 1-0

[Event "SG Bochum 3 - SV Rochade Eving 1"]
[Site "Verbandsklasse - Gr. 2 2019/2"]
[Date "2019.11.17"]
[Round "3.2"]
[White "Boehle, Lars"]
[Black "Michalek, Franz"]
[Result "1-0"]
[WhiteElo "2109"]
[BlackElo "1915"]
[Annotator "Daniel"]
[PlyCount "86"]
[EventDate "2019.??.??"]

1. e4 c5 2. b3 Nc6 3. Bb2 d6 4. Bb5 Bd7 5. f4 a6 6. Bxc6 Bxc6 7. d3 e6 8. Nf3
Ne7 9. O-O Ng6 10. Qd2 f6 11. Nc3 Be7 12. d4 O-O 13. d5 exd5 14. Nxd5 Re8 15.
Rae1 Bf8 16. h4 h5 17. f5 Ne5 18. Nxe5 dxe5 19. c4 b5 20. Qe2 bxc4 21. Qxc4
Bxd5 22. exd5 Bd6 23. Re4 Qe7 24. Qe2 Qf7 25. Rd1 Reb8 26. Bc3 Kf8 27. Ra4 Rb6
28. Ba5 Rbb8 29. Be1 Rb6 30. Bf2 Kg8 31. Ra5 Qc7 32. Ra4 Qf7 33. Ra5 Qc7 34.
Qxh5 Rb4 35. Ra3 Re4 36. Rc1 Qb6 37. b4 Rxb4 38. Rac3 Rb1 39. Qd1 Rxc1 40. Qxc1
Rc8 41. h5 Qb5 42. h6 c4 43. hxg7 Rc7 {Handy!} 1-0

[Event "SG Bochum 3 - SV Rochade Eving 1"]
[Site "Verbandsklasse - Gr. 2 2019/2"]
[Date "2019.11.17"]
[Round "3.4"]
[White "Pilat, Fabian"]
[Black "Pahne, Dirk"]
[Result "1/2-1/2"]
[WhiteElo "1889"]
[BlackElo "1902"]
[PlyCount "28"]
[EventDate "2019.??.??"]

1. d4 c5 2. e3 e6 3. Nf3 Nf6 4. Bd3 d5 5. O-O Nc6 6. b3 cxd4 7. exd4 Be7 8. Bb2
O-O 9. Nbd2 Nb4 10. Be2 b6 11. a3 Nc6 12. Bd3 Bb7 13. Ne5 Nxe5 14. dxe5 Nd7
1/2-1/2

[Event "SG Bochum 3 - SV Rochade Eving 1"]
[Site "Verbandsklasse - Gr. 2 2019/2"]
[Date "2019.11.17"]
[Round "3.5"]
[White "Sprungala, Erik"]
[Black "Gluma, Christian"]
[Result "0-1"]
[WhiteElo "1833"]
[BlackElo "1877"]
[PlyCount "90"]
[EventDate "2019.??.??"]

1. d4 g6 2. g3 Bg7 3. Bg2 d5 4. Nf3 c6 5. O-O b5 6. a4 Bb7 7. c3 Nf6 8. Na3 a6
9. Nc2 Nbd7 10. a5 O-O 11. Nb4 Re8 12. Nd3 Ne4 13. Ng5 Nxg5 14. Bxg5 f6 15. Be3
e5 16. Qd2 Qe7 17. Rac1 f5 18. dxe5 Nxe5 19. Bc5 Nc4 20. Qf4 Qxe2 21. Qc7 Qxd3
22. Qxb7 Nxa5 23. Qb6 Qc4 24. Bd4 Nb3 25. Rcd1 Bxd4 26. cxd4 a5 27. Rfe1 a4 28.
Qb7 Nxd4 29. Qd7 Ne2+ 30. Kh1 Rad8 31. Qc7 Nd4 32. Bf1 Qb4 33. Rxe8+ Rxe8 34.
Qd7 Re7 35. Qd8+ Kf7 36. Qh8 Ne6 37. Qxh7+ Ng7 38. Qh3 Qxb2 39. g4 Qxf2 40.
gxf5 Nxf5 41. Qc3 Re3 42. Qxc6 Qf3+ 43. Kg1 Qxd1 44. Qc7+ Re7 45. Qf4 Qd4+ 0-1

[Event "SG Bochum 3 - SV Rochade Eving 1"]
[Site "Verbandsklasse - Gr. 2 2019/2"]
[Date "2019.11.17"]
[Round "3.6"]
[White "Prieb, Robert"]
[Black "Krause, Dieter"]
[Result "1-0"]
[WhiteElo "1939"]
[BlackElo "1849"]
[PlyCount "121"]
[EventDate "2019.??.??"]

1. d4 d6 2. Nf3 Bg4 3. Nfd2 Nf6 4. g3 c6 5. Bg2 Nbd7 6. O-O d5 7. c4 e6 8. cxd5
cxd5 9. Nc3 Be7 10. Nb3 Bh5 11. Bf4 O-O 12. Rc1 Rc8 13. f3 Bg6 14. Nb5 Qb6 15.
a4 Rc6 16. Nc3 Rfc8 17. e4 Bb4 18. e5 Ne8 19. Bd2 a6 20. Be1 Bxc3 21. Bxc3 Nxe5
22. a5 Qa7 23. Nc5 Nc4 24. Re1 Ned6 25. b3 Na3 26. Bb2 Nab5 27. Qd2 h6 28. Kh1
Ne8 29. Qe3 Nf6 30. Bf1 Nd6 31. Ba3 Nb5 32. Bb2 Qb8 33. Bxb5 axb5 34. Qe2 b6
35. axb6 Rxb6 36. b4 Rc7 37. Ra1 Nd7 38. Bc1 Ra7 39. Bf4 Rxa1 40. Bxb8 Rxe1+
41. Qxe1 Nxb8 42. Qa1 Rd6 43. Qa7 Rd8 44. Qa5 Re8 45. Qxb5 f6 46. Qb7 Bf7 47.
b5 e5 48. dxe5 fxe5 49. b6 d4 50. Nd7 d3 51. Nxe5 Bg6 52. Qd5+ Kh7 53. Nxg6
Kxg6 54. Qxd3+ Kf7 55. Qd5+ Ke7 56. Kg2 Nd7 57. b7 Rb8 58. Qd4 Rg8 59. f4 g5
60. Qd5 Rg6 61. Qxd7+ 1-0

[Event "SG Bochum 3 - SV Rochade Eving 1"]
[Site "Verbandsklasse - Gr. 2 2019/2"]
[Date "2019.11.17"]
[Round "3.7"]
[White "Jaehnicke, Karl-Heinz"]
[Black "Klugstedt, Vincent C."]
[Result "0-1"]
[WhiteElo "1756"]
[BlackElo "1942"]
[PlyCount "98"]
[EventDate "2019.??.??"]

1. d4 Nf6 2. c4 e6 3. Nc3 Bb4 4. Qc2 O-O 5. Nf3 b6 6. e4 d5 7. e5 Ne4 8. Bd3
Bb7 9. a3 Bxc3+ 10. bxc3 Nd7 11. Bxe4 dxe4 12. Ng5 c5 13. O-O cxd4 14. cxd4 Qc7
15. Be3 Rac8 16. Rfc1 Bd5 17. Nxe4 Qxc4 18. Qd2 Qa4 19. Nd6 Rcd8 20. f4 b5 21.
Qd3 a6 22. Bf2 Nb6 23. Bh4 Rd7 24. Bf2 Nc4 25. Ne4 Bxe4 26. Qxe4 Rfd8 27. Qe2
Nxa3 28. Rc6 a5 29. Qb2 b4 30. Rc5 Rd5 31. Rc7 Qb5 32. Rac1 g6 33. Bh4 Re8 34.
Bf6 Rd7 35. Rc8 Rb7 36. Qf2 Qd7 37. R8c6 Reb8 38. Qh4 h5 39. Qg5 Kh7 40. Rd6
Qe8 41. g4 Qf8 42. Qh4 b3 43. gxh5 Qh6 44. hxg6+ fxg6 45. Qxh6+ Kxh6 46. Rc3
Kh5 47. Rh3+ Kg4 48. Kg2 b2 49. Rh4+ Kf5 0-1

[Event "SG Bochum 3 - SV Rochade Eving 1"]
[Site "Verbandsklasse - Gr. 2 2019/2"]
[Date "2019.11.17"]
[Round "3.8"]
[White "Walny, Benjamin"]
[Black "Krams, Amatus"]
[Result "1-0"]
[WhiteElo "1787"]
[BlackElo "1718"]
[PlyCount "93"]
[EventDate "2019.??.??"]

1. e4 e5 2. Nf3 Nc6 3. Bc4 Nf6 4. d3 Be7 5. O-O O-O 6. c3 Na5 7. Bb5 a6 8. Ba4
b5 9. Bc2 d6 10. b4 Nc6 11. h3 Bb7 12. a4 Na7 13. Re1 bxa4 14. d4 exd4 15. Nxd4
Nd7 16. Nd2 Nb5 17. Bb2 a3 18. Bxa3 Nxc3 19. Qg4 Ne5 20. Qg3 Nb5 21. Nf5 Bf6
22. Bb2 Bc8 23. Nxg7 Kh8 24. Nf5 Rg8 25. Qe3 Rg6 26. f4 Nf3+ 27. Nxf3 Bxb2 28.
Rab1 Bc3 29. Re2 Be6 30. Bb3 Bxb4 31. Kh1 Bxb3 32. Rxb3 a5 33. Qc1 Qf6 34. Nh2
c5 35. Ng4 Qd8 36. Qb2+ f6 37. Rd3 a4 38. Nh4 Rxg4 39. hxg4 a3 40. Qa1 Kg8 41.
Qa2+ Kf8 42. Nf5 Qd7 43. e5 Qc6 44. Qe6 Qe8 45. Qxf6+ Qf7 46. Qh6+ Kg8 47. e6
1-0